| 000 | 00697nam a2200229Ia 4500 | ||
|---|---|---|---|
| 003 | GCL | ||
| 008 | 140319s9999 xx 000 0 ara d | ||
| 020 | _a1911235977 | ||
| 040 |
_aGCL / _cGCL |
||
| 082 | 0 | 4 |
_a701.184 _bس ح |
| 100 | 1 | _aسميث ادوارد | |
| 245 | 1 | 0 |
_aالحركات الفنية منذ 1945 / _cسميث ادوارد |
| 700 | 1 | _aاشرف رفيق عفيفى | |
| 300 |
_a251 ص ؛ _c24 سم |
||
| 490 |
_aالمشروع القومى للترجمة _v0 |
||
| 650 | 0 | 4 | _aالفن |
| 650 | 0 | 4 | _aالفن التجريدى |
| 650 | 0 | 4 | _aالفن - تاريخ ونقد |
| 650 | 0 | 4 | _aالفن التجريبى |
| 650 | 0 | 4 | _aالحركات الفنية |
| 942 |
_2ddc _cBK |
||
| 999 |
_c52119 _d52119 |
||